<?xml version="1.0" encoding="UTF-8"?>
<marc:record xmlns:marc="http://www.loc.gov/MARC21/slim">
   <marc:leader>00000nam a2200000 a 4500</marc:leader>
   <marc:datafield ind1="1" ind2=" " tag="100">
      <marc:subfield code="a">Meyer, Stephenie</marc:subfield>
      <marc:subfield code="4">aut</marc:subfield>
      <marc:subfield code="e">Verfasser/-in</marc:subfield>
   </marc:datafield>
   <marc:datafield ind1="1" ind2=" " tag="100">
      <marc:subfield code="a">Slade, David</marc:subfield>
      <marc:subfield code="4">ctb</marc:subfield>
      <marc:subfield code="e">Mitwirkende/-r</marc:subfield>
   </marc:datafield>
   <marc:datafield ind1=" " ind2=" " tag="653">
      <marc:subfield code="a">DVD-ROM</marc:subfield>
   </marc:datafield>
   <marc:datafield ind1="0" ind2="0" tag="245">
      <marc:subfield code="a">Eclipse - Biss zum Abendrot (DVD)</marc:subfield>
   </marc:datafield>
   <marc:datafield ind1="0" ind2="0" tag="245">
      <marc:subfield code="c">Stephenie Meyer</marc:subfield>
   </marc:datafield>
   <marc:datafield ind1=" " ind2="1" tag="264">
      <marc:subfield code="a">Hamburg</marc:subfield>
      <marc:subfield code="b">Oetinger Media GmbH</marc:subfield>
   </marc:datafield>
   <marc:datafield ind1="1" ind2=" " tag="520">
      <marc:subfield code="a">Angaben aus der Verlagsmeldung

Eclipse - Biss zum Abendrot (DVD) / von Stephenie Meyer

Bis(s) Bella ihren Edward kriegt … Romantik und Dramatik pur: Teil 3 der "Twilight"-Saga Kaum ist Bella wieder mit Edward vereint, droht neue Gefahr. Ein Vampir treibt sein Unwesen und ermordet Menschen, um eine Armee neuer Vampire zu schaffen. Um ihn zu besiegen, müssen Vampire und Werwölfe zusammenarbeiten. Doch das Bündnis ist brüchig, denn Jacob gesteht Bella seine Liebe und stellt sie vor die Wahl: Entweder verlässt sie Edward oder der uralte Kampf zwischen Vampiren und Werwölfen bricht wieder aus … Der dritte TEil der Sehnsuchtssaga im wunderschönen DVD-Case mit Spotlack, umfangreichem Booklet und Schmuckposter. Mit den Superstars Kristen Stewart, Robert Pattinson und Taylor Lautner. Technische Daten: - Realfilm Farbe - Laufzeit: 124 Min. - Bild: 16:9 (2,4;1) anamorph - Ton: Deutsch DTS/DD 5.1, Englisch DD 5.1 - Untertitel: Deutsch + farbige Untertitel für Hörgeschädigte (ausblendbar) Extras: - Making of/Special Effects - Musikvideo - Story-Hintergründe und Schmuckposter
</marc:subfield>
   </marc:datafield>
   <marc:datafield ind1=" " ind2=" " tag="041">
      <marc:subfield code="a">ger</marc:subfield>
   </marc:datafield>
   <marc:datafield ind1=" " ind2=" " tag="300">
      <marc:subfield code="a">DVDs</marc:subfield>
   </marc:datafield>
</marc:record>
